Business ethics : concepts and cases.
| Main Author: | |
|---|---|
| Format: | Book |
| Published: |
Boston:
Pearson,
2012.
|
| Edition: | 7th ed. |
| Subjects: |
| LEADER | 00463cam a2200169 7i4500 | ||
|---|---|---|---|
| 001 | 0000028418 | ||
| 005 | 20130424090000.0 | ||
| 020 | 0 | 0 | |a 978020521767 |
| 090 | 0 | 0 | |a B 174.4 |b VEL |
| 100 | 1 | 0 | |a Velasquez |
| 245 | 1 | 0 | |a Business ethics : |b concepts and cases. |
| 250 | 0 | 0 | |a 7th ed. |
| 260 | 0 | 0 | |a Boston: |b Pearson, |c 2012. |
| 300 | # | # | |a 496 p. |
| 650 | 0 | 0 | |a Business ethics |
| 650 | 0 | 0 | |a Business ethics -- |x Case studies |
| 999 | |a B000031924 |b Book |c Book |e Business Information Centre | ||